Adventure Time Seasons 1-6 Hard Quiz - Statistics

General Stats
  • This quiz has been taken 1,637 times
  • The average score is 41 of 140
Answer Stats
Answer % Correct
Wizard who can produce rainbows from his wand Abracadaniel
84%
Former king of Mars Abraham Lincoln
82%
Video game console BMO
64%
Simon's girlfriend before the Great Mushroom War Betty
60%
Greatest warrior ever; fought a bear Billy
59%
Mythical elephant controlled by Finn; its real name is Ellie Ancient Psychic Tandem War Elephant
58%
Appears in Jake's croak dream; is attempting to build a spaceship Banana Man
57%
Ruler of the Ice Kingdom Ice King
56%
Potentially evil princess; made of fire Flame Princess
55%
Long, multicolored girlfriend of Jake Lady Rainicorn
55%
Purple princess who floats around Lumpy Space Princess
55%
Doctor who isn't actually a princess Doctor Princess
54%
The Vampire Queen Marceline
54%
Friend of Prismo's; appears in Jake's croak dream Cosmic Owl
53%
Finn's adopted brother Jake the Dog
53%
Animal Finn saves from choking, Finn gives it the Enchiridion Bear
51%
Princess who smells like hotdog water Hotdog Princess
51%
Exiled from Mars; does magic to be a jerk Magic Man
51%
Bubblegum's first creation; went wrong and is completely sour Earl of Lemongrab
50%
Ice King's pet penguin Gunter/Gunther
50%
Ruler of the Candy Kingdom Princess Bubblegum
50%
Marceline's ex-boyfriend; sold her favorite doll to a witch Ash
49%
A powerful undead being, can summon green flames and is incredibly evil The Lich
49%
Tree Trunk's husband Mr. Pig
48%
Merchant bird who speaks in rhymes Choose Goose
47%
Bubblegum's servant; friends with Death Peppermint Butler
47%
"Half baked" resident of the Candy Kingdom Cinnamon Bun
46%
Ruler of the Land of the Dead Death
46%
Jake's best friend; wears an awesome hat Finn the Human
46%
Old ruler of the Fire Kingdom; is overthrown by his daughter Flame King
46%
Savior of the Lemongrab Kingdom Lemonhope
46%
Small, green blob princess Slime Princess
45%
One of the names of the four faced deity from Mars Grob Grod Gob Glob
44%
Pink two dimensional cosmic being Prismo
44%
Ice King's name before the Great Mushroom War Simon Petrikov
44%
One of Jake's children Jake Jr.
43%
Horse that balances on a beach ball and winnies his name; makes everyone happy James Baxter
43%
Small elephant who makes the best apple pies Tree Trunks
43%
LSP's ex-boyfriend Brad
42%
Jake's brother Jermaine
42%
Floating wolf's head with a baseball cap turned to one side Party God
42%
Robot created by Finn to prank Jake; was given life by the Ice King N.E.P.T.R.
41%
Bubblegum's attempt to create a ruler for Ooo; created with Bubblegum's DNA Goliad
39%
Has an addiction to pudding Duke of Nuts
38%
Name of the doll Simon gives to Marcy Hambo
38%
Informant to Finn and Jake, lives in the Fire Kingdom Flambo
37%
Jake's father Joshua
37%
This princess is large and has green skin Muscle Princess
37%
Bubblegum's pet rat Science
37%
Ruler of the Nightosphere; Marceline's dad Hunson Abadeer
36%
Worm who lives inside Jake's viola Shelby
36%
Candy person who saves PB, Finn, and Jake - is cloned 25 times James
35%
Finn's mustachioed alter ego when he decides not to be a hero anymore Davey
34%
This princess used to be the Warrior Princess before she died Ghost Princess
34%
Ice King's enchanted heart Ricardio
34%
Physically fit resident of the Candy Kingdom, occasionally hits on Lady Mr. Cupcake
33%
Jake's mother Margaret
32%
Finn's father Martin
32%
Resident of the Candy Kingdom who has a mustache and wears a janitor's hat Starchie
32%
Jake's old best friend; is jealous of Finn Tiffany
32%
BMO's creator Moseph Mastro Giovanni
31%
One of Jake's children TV
31%
Evergreen's assisstant Gunter
30%
Hypnotic worm leader King Worm
30%
Unstable cookie who holds Candy People hostage; just wants to be a princess Princess Cookie
30%
A member of the Hyooman Tribe, learns English from Finn and Jake Susan Strong
30%
Bubblegum's pet falcon used for transportation The Morrow
30%
Can open doors anywhere; steals from Finn, Jake, BMO, and others Door Lord
29%
The two giant beings that protect the Candy Kingdom Gumball Guardians
29%
LSP's father Lumpy Space King
29%
LSP's mother Lumpy Space Queen
29%
The Royal Goblin Chief of Staff; must assist the king with everything Gummy
28%
Tiny cat who tried to assassinate a princess Me Mow
28%
One of Jake's children Charlie
26%
The grass ogre who releases Obnoxygen into the air Donny
26%
The name of Finn's hat when it comes to life Little Dude
26%
Black and white baby that whistles; eats drawings The Jiggler
26%
Princess who looks like a raspberry Wildberry Princess
26%
Leader of the Party Bears Party Pat
25%
Original gumball machine protector of the Candy Kingdom, he is the last of his kind Rattleballs
25%
Serves as Finn's wingman after he loses his arm Breezy
24%
Duke of Nuts' wife Duchess of Nuts
24%
Enforces the rules and presides over Wizard Battle Grand Master Wizard
23%
Nurse of the Candy Kingdom Nurse Pound Cake
22%
Billy's ex girlfriend Canyon
21%
Wizard who created the Ice King's magic crown Urgence Evergreen
21%
One of Jake's children Viola
21%
Group who likes to play pranks on Finn, such as dropping him Balloons
20%
Finn's Farmworld family mule Bartram
20%
Leader of the Destiny Gang Big Destiny
20%
The person who used to deliver the royal tarts to the Back Rubbing Ceremony Tart Toter
20%
Wizard who has the power to bring inanimate objects to life Ancient Sleeping Magi of Life Giving
19%
One of Jake's children Kim Kil Whan
19%
Piñata resident of the Candy Kingdom Manfried
19%
A hitman Ice King hires to "hit" Finn Scorcher
19%
BMO's ex; is a chicken who wears lipstick Lorraine
18%
A legendary fighter from Shiny Isles, Finn and Jake beat him with cheap movies The Farm
18%
The gold stealing monster that looks like Jake The Gut Grinder
18%
Farmworld version of the merchant bird Choose Bruce
17%
Past life of Finn's, has appeared before Finn as a ghost Shoko
17%
Lady's father Bob Rainicorn
16%
Wizard who is really a group of tadpoles inside a frog Bufo
16%
The manifestation of Finn's fear of the ocean Fear Feaster
16%
These come out of the evil pea pod and are wearing cute little outfits Piglets
15%
Goliad's rival, made out of Finn's DNA Stormo
15%
Tiny knight who can grow exponentially when water is added to him Bucket Knight
14%
LSP's best friend; is currently dating LSP's ex Melissa
14%
The character who tells all of the graybles Cuber
13%
The little girl whose basket is stolen in the City of Theives Penny
13%
Witch with a bald spot; tries to suck Jake into her Bottomless Bottom Tree Witch
13%
A being made of pure anti-magic, stopped by Betty Bella Noche
12%
Chocolate covered strawberry resident of the Candy Kingdom Chocoberry
12%
Leader of the Cuties Cute King
12%
Creatures fueled by the power of inquiry and bloodlust Why-wolves
12%
Old king of the Goblins obsessed with spanking hams Xergiok
12%
He speaks in riddles and holds the key to the entrance of Mount Cragdor Key-Per
10%
Leader of the Pagelings, leads the fight against the Moldos Paper Pete
9%
TV remote BMO interrogates in the search for Finn's sock Bebe
8%
Younger sister of Slime Princess Blargetha
8%
Lady's mother Ethel Rainicorn
8%
Two brothers who can perfectly imitate voices; old accomplices of Jake's Flying Lettuce Brothers
8%
One of the Guardians of Sunshine Hunny Bunny
8%
A watermelon who is always getting into trouble Stanley
8%
Elder of the Slime Kingdom Elder Plops
7%
Mouse who (according to BMO) is dating a lipstick wearing chicken Ronnie
7%
A hitman who "hits" other hitmen Blastronaut
6%
One of the Guardians of Sunshine Bouncy Bee
6%
Muddy serpent that resides in the center of a maze, grants wishes Aquandrius
5%
Caterpillar Finn falls in love with (as a caterpillar) Erin
5%
The manly minotaur who guards the Enchiridion Mannish Man
5%
Final boss in Guardians of Sunshine Sleepy Sam
5%
Found in Finn's imagination, he claims to be Finn's desire to be civilized Bellamy Bug
4%
Car salesman who teaches Finn and Jake to fight with cheap movies Dream Warrior
4%
Bon bon resident of the Candy Kingdom Chet
3%
Gets pooted on for stealing boots Fire Newt
3%
Duke of Nuts' son Marquis of Nuts
3%
Gunter's pet Nina
3%
Slug who is looking for a girlfriend; thinks he's a snail Snorlock
3%
One of the Destiny Gang's underlings Trami
1%
One of the Destiny Gang's underlings Tromo
1%
No matching quizzes found
Score Distribution
Percent of People with Each Score
Percentile by Number Answered
Your Score History
You have not taken this quiz